000 00497nam a2200181Ia 4500
005 20250508155646.0
008 008 250505s9999 xx 000 0 eng d
037 _aTextual
040 _aFEDL
_beng
_cFEDL
041 _aeng
_2eng
084 _a574.87, OAK
_qFEDL
245 0 _aSymposium on macromolecular aspects of the cell cycle
245 0 _cOak Ridge National Laboratory
260 _c1963
300 _a198p.
942 _cTEXL
_h574.87, OAK
999 _c1358581
_d1358581